000
00341nam a2200145Ia 4500
008
191201s2010 xx 000 0 und d
082
_a
004.6
_b
FOD
100
_a
FOROUZAN, Behrouz A
245
0
_a
Data Communications and Networking
250
_a
Rep.
260
_a
N.Delhi
_b
TMH
_c
2010
300
_a
1134
650
_a
MCA
942
_2
ddc
_c
BK
999
_c
3706
_d
3706